| 000 | 00531nam a2200205Ia 4500 | ||
|---|---|---|---|
| 003 | IIN | ||
| 005 | 20240205114606.0 | ||
| 008 | 231217s9999 xx 000 0 und d | ||
| 020 |
_cRs.850.00 _a9788123929774 |
||
| 040 |
_aIIN _bEnglish |
||
| 082 |
_a579 _bARO |
||
| 100 | 1 | _aArora, D.R. | |
| 245 | 1 |
_aTextbook of Microbiology / _cD.R. Arora and Brij Bala Arora |
|
| 250 | _a5th ed | ||
| 260 |
_bCBS _aNew Delhi _c2016 |
||
| 300 | _axiii, 682 p. | ||
| 650 | 1 | _aMicrobiology | |
| 700 | 1 | _aArora, Brij Bala | |
| 942 | _cBOOK | ||
| 999 |
_c933 _d933 |
||